LEADER 03925nam 2200505 450 001 9910677002703321 005 20230125231502.0 010 $a1-119-48044-2 010 $a1-119-48036-1 010 $a1-119-48040-X 024 7 $a10.1002/9781119480402 035 $a(CKB)4100000010870902 035 $a(MiAaPQ)EBC6423302 035 $a(CaBNVSL)mat09295048 035 $a(IDAMS)0b0000648d5cf5c4 035 $a(IEEE)9295048 035 $a(EXLCZ)994100000010870902 100 $a20210105d2020 uy 101 0 $aeng 135 $aurcnu|||||||| 181 $ctxt$2rdacontent 182 $cc$2rdamedia 183 $acr$2rdacarrier 200 00$aAdvances in electric power and energy $estatic state estimation /$fedited by Mohamed E El-Hawary, Dalhousie University 210 1$aHoboken, New Jersey :$cJohn Wiley & Sons, Inc.,$d[2020] 210 2$a[Piscataqay, New Jersey] :$cIEEE Xplore,$d[2020] 215 $a1 online resource (xx, 482 pages) $cillustrations 225 1 $aIEEE Press 311 $a1-119-48046-9 320 $aIncludes bibliographical references and index. 327 $aChapter 1: Introduction -- M. E. El-Hawary -- Chapter 2 : State estimation in power systems based on a mathematical programming approach -- Eduardo Caro and Araceli Hern'andez -- Chapter 3: System Stress and Cascading Blackouts -- Hyde M. Merrill and James W. Felte -- Chapter 4 : Model-based anomaly detection for power system state estimation -- Aditya Ashok, Manimaran Govindarasu, and Venkataramana Ajjarapu -- Chapter 5 : Protection, Control and Operation of Microgrids -- A P Sakis Meliopoulos, Yu Liu Sungyun Choi, and George J Cokkinides -- Chapter 6: Distributed Robust Power System State Estimation -- Vassilis Kekatos; H. Zhu , G. Wang, and Georgios B. Giannakis -- Chapter 7: Robust Wide-Area Fault Visibility and Structural Observability in Power Systems with Synchronized Measurement Units -- Mert Korkali -- Chapter 8: A Hybrid Robust Power System State Estimator with Unknown Measurement Noise -- Junbo Zhao; Lamine Mili; and Massimo La Scala -- Chapter 9: Least-Trimmed-Absolute-Value State estimator -- Ibrahim Omar Habiballah, and Yuanhai Xia -- Chapter 10 : Probabilistic State Estimation in Distribution Networks -- Bernd Brinkmann; and Michael Negnevisky -- Chapter 11: Advanced distribution system state estimation in multi-area architectures -- Marco Pau, Paolo Attilio Pegoraro, Ferdinanda Ponci, and Sara Sulis -- Chapter 12: Hierarchical Multi-Area State Estimation -- Ye Guo; Lang Tong; Wenchuan Wu; Hongbin Sun; Boming Zhang -- Chapter 13: Parallel Domain-Decomposition-Based Distributed State Estimation for Large-Scale Power Systems -- Hadis Karimipour; Venkata Dinavahi -- Chapter 14: Dishonest Gauss Newton method based power system state estimation on a GPU -- Md. Ashfaqur Rahman; and Ganesh Kumar Venayagamoorthy 330 $a"A static state estimator (SSE) is a collection of digital computer programs which convert telemetered data into a reliable estimate of the transmission network structure and state by accounting for small random metering-communication errors; uncertainties in system parameter values; bad data due to transients and meter-communication failures; and errors in the network structure due to faulty switch-circuit breaker status information. Failure of SSE at System Operators' facilities has been cited as one of the primary causes for some major blackouts over the two decades"--$cProvided by publisher. 410 0$aIEEE Press 606 $aElectric power systems$xState estimation 615 0$aElectric power systems$xState estimation. 676 $a621.3191 702 $aEl-Hawary$b M. E. 712 02$aJohn Wiley & Sons, Inc., 801 0$bCaBNVSL 801 1$bCaBNVSL 801 2$bCaBNVSL 906 $aBOOK 912 $a9910677002703321 996 $aAdvances in electric power and energy$93066814 997 $aUNINA LEADER 02174nam 2200457 450 001 9910787120203321 005 20200520144314.0 010 $a1-61291-798-4 035 $a(CKB)3710000000315324 035 $a(MiAaPQ)EBC5395625 035 $a(Au-PeEL)EBL5395625 035 $a(CaPaEBR)ebr11557567 035 $a(OCoLC)1037817736 035 $a(BIP)050079483 035 $a(EXLCZ)993710000000315324 100 $a20190125d2014 uy 0 101 0 $aeng 135 $aurcnu|||||||| 181 $ctxt$2rdacontent 182 $cc$2rdamedia 183 $acr$2rdacarrier 200 00$a1 and 2 chronicles 210 1$a[Place of publication not identified] :$cNavPress,$d[2014] 210 4$d2014 215 $a1 online resource (83 pages) 311 $a1-61521-766-5 330 8 $aRemember God's Faithfulness"Does God even care about us?" After being driven out of their homeland, the Israelites weren't sure anymore. Amid their doubts, the stories of 1 and 2 Chronicles reminded them of God's faithfulness. Remembering God's work in the past would help renew their faith for the present. As you study 1 and 2 Chronicles, the stories will also help you move beyond forgetfulness to see God's faithfulness in your own life.LifeChangeLifeChange Bible studies will help you grow in Christlikeness through a life-changing encounter with God's Word. Filled with a wealth of ideas for going deeper so you can return to this study again and again.FeaturesCover the books of 1 & 2 Chronicles in 12 lessonsEquip yourself to lead a Bible studyImagine the Bible's historical worldStudy word origins and definitionsExplore thoughtful questions on key themesGo deeper with optional projectsAdd your notes with extra space and wide marginsFind the flexibility to fit the time you have 517 3 $aOne and 2 chronicles 606 $aReligion$xHistory 610 $aBible 610 $aReligion 615 0$aReligion$xHistory. 676 $a200.9 712 02$aThe Navigators,$4oth 801 0$bMiAaPQ 801 1$bMiAaPQ 801 2$bMiAaPQ 906 $aBOOK 912 $a9910787120203321 996 $a1 and 2 chronicles$93790830 997 $aUNINA LEADER 06340nam 22010575 450 001 996309102503316 005 20240402011454.0 010 $a3-486-98961-8 010 $a3-486-71931-9 024 7 $a10.1524/9783486719314 035 $a(CKB)3710000000229158 035 $a(EBL)1575433 035 $a(SSID)ssj0001432487 035 $a(PQKBManifestationID)11845912 035 $a(PQKBTitleCode)TC0001432487 035 $a(PQKBWorkID)11406302 035 $a(PQKB)10259400 035 $a(MiAaPQ)EBC1575433 035 $a(DE-B1597)234303 035 $a(OCoLC)1013955254 035 $a(OCoLC)922639854 035 $a(DE-B1597)9783486719314 035 $a(oapen)https://directory.doabooks.org/handle/20.500.12854/41564 035 $a(EXLCZ)993710000000229158 100 $a20190723d2014 fg 101 0 $ager 135 $aur|n|---||||| 181 $ctxt 182 $cc 183 $acr 200 10$aAuf der Suche nach einem "anderen Deutschland" $eDas Verhältnis Frankreichs zur DDR im Spannungsfeld von Perzeption und Diplomatie /$fChristian Wenkel 205 $a1st ed. 210 $cDe Gruyter$d2014 210 1$aMünchen ;$aWien :$cDe Gruyter Oldenbourg,$d[2014] 210 4$d©2014 215 $a1 online resource (576 p.) 225 1 $aStudien zur Zeitgeschichte ;$v86 300 $aDescription based upon print version of record. 311 $a3-486-70312-9 320 $aIncludes bibliographical references and index. 327 $tFrontmatter --$tInhalt --$tGeleitwort /$rMöller, Horst / Vaïsse, Maurice --$tDank /$rWenkel, Christian --$tEinleitung --$tErster Teil Perzeption und Interesse, Kontakte und Engagement: Grundlagen für die Geschichte der Beziehungen Frankreichs zur DDR --$tI. Die französische Konzeption eines "anderen Deutschlands" und die Perzeption der DDR --$tII. Das zentrale Netzwerk - die Échanges franco-allemands --$tIII. Die DDR als Projektionsfläche politischer Utopien --$tZweiter Teil Die Beziehungen im Spannungsfeld von Vorstellung und Wirklichkeit --$tA. Die Wirtschafts- und Handelsbeziehungen --$tI. 1952-1967: Von den Handelsbeziehungen als Diplomatieersatz zu wirtschaftlicher Kooperation --$tII. 1968-1975: Die westdeutsche Konkurrenz als zentrale Herausforderung für die französische Industrie auf dem ostdeutschen Markt --$tEpilog: Die Wirtschaftsbeziehungen in den 1980er Jahren --$tB. Die Kulturbeziehungen --$tI. 1954-1960: Von den Anfängen der Kulturbeziehungen bis zur Berlin-Krise --$tII. 1963-1980: Die Entwicklung kultureller Beziehungen zwischen privatgesellschaftlichen Initiativen und der Kontrolle durch das Außenministerium --$tEpilog: Die Kulturbeziehungen in den 1980er Jahren --$tC. Die Beziehungen auf politischer Ebene --$tI. Beziehungen auf parlamentarischer Ebene --$tII. Der Prozess der Anerkennung der DDR durch Frankreich --$tIII. Die europäische Dimension der französisch- ostdeutschen Beziehungen --$tEin chronologisches Fazit --$tAbkürzungsverzeichnis --$tTabellenverzeichnis --$tQuellen- und Literaturverzeichnis --$tRegister --$tSachregister 330 $aDas "andere Deutschland" ist in Frankreich Mythos und Konzept in einem. Es ist der Versuch einer philosophischen Trennung zwischen der Kulturnation und dem gefürchteten militärischen Gegner. Die deutsche Teilung von 1949 schuf erstmalig eine geografisch-politische Entsprechung zur tief im kollektiven französischen Bewusstsein verankerten Theorie der "deux Allemagne", der die Idee des "anderen Deutschlands" entlehnt ist. Und der zweite deutsche Staat, die DDR, von der man in Frankreich lange Zeit außer dem Theater Brechts nicht viel kannte, bot eine ideale Projektionsfläche für Vorstellungen von einem besseren Deutschland. Die Suche nach dem "anderen Deutschland" erhielt damit ein scheinbar reales Ziel für nicht wenige germanophile Franzosen, die zahlreiche Kontakte zu wirtschaftlichen, kulturellen und politischen Eliten in der DDR pflegten.Christian Wenkel beschäftigt sich mit der Frage, warum gerade Frankreich derart intensive Beziehungen zur DDR unterhielt und ob es ein spezifisch französisches Interesse für die DDR gab. Auf breiter Quellenbasis erläutert er nicht nur grundlegende Besonderheiten der französisch-ostdeutschen Beziehungen, sondern auch die Genese und Entwicklung von Kontakten auf wirtschaftlicher, kultureller, parlamentarischer und politischer Ebene. 410 0$aStudien zur Zeitgeschichte (Institut fu?r Zeitgeschichte (Munich, Germany)) ;$vBd. 86. 606 $aAußenpolitik 606 $aCold War 606 $aDDR 606 $aDeutsch-französische Beziehungen 606 $aEast Germany 606 $aForeign policy 606 $aFrance 606 $aFrankreich 606 $aGeschichte der Internationalen Beziehungen 606 $aKalter Krieg 606 $adiplomatic history 606 $ainternational relations 606 $aHISTORY / General$2bisacsh 607 $aGermany (East)$xForeign relations$zFrance 607 $aFrance$xForeign relations$zGermany (East)$xHistory 607 $aGermany (East)$xRelations$zFrance$xHistory 607 $aFrance$xRelations$zGermany (East)$xHistory 610 $aCold War. 610 $aEast Germany. 610 $aForeign policy. 610 $aFrance. 610 $adiplomatic history. 610 $ainternational relations. 615 4$aAußenpolitik. 615 4$aCold War. 615 4$aDDR. 615 4$aDeutsch-französische Beziehungen. 615 4$aEast Germany. 615 4$aForeign policy. 615 4$aFrance. 615 4$aFrankreich. 615 4$aGeschichte der Internationalen Beziehungen. 615 4$aKalter Krieg. 615 4$adiplomatic history. 615 4$ainternational relations. 615 7$aHISTORY / General. 676 $a327.43104409045 686 $aML 4500$2rvk 700 $aWenkel$b Christian$0921852 702 $aWenkel$b Christian$4ctb$4https://id.loc.gov/vocabulary/relators/ctb 702 $aMöller$b Horst$4ctb$4https://id.loc.gov/vocabulary/relators/ctb 702 $aVaïsse$b Maurice$4ctb$4https://id.loc.gov/vocabulary/relators/ctb 801 0$bDE-B1597 801 1$bDE-B1597 906 $aBOOK 912 $a996309102503316 996 $aAuf der Suche nach einem "anderen Deutschland"$92068346 997 $aUNISA